Bundesliga-Hauptsponsoren - Statistiken

Allgemein
  • Dieses Quiz wurde 217 mal gespielt
  • Das Durchschnittsergebnis liegt bei 7 aus 18
Antwortstatistiken
Hint Antwort % Korrekt
FC Bayern München Telekom
90%
RB Leipzig Red Bull
85%
VfL Wolfsburg VW
77%
TSG Hoffenheim SAP
67%
Borussia Dortmund 1&1
64%
1. FC Köln Rewe
58%
VfB Stuttgart Mercedes Benz
44%
Eintracht Frankfurt Indeed
40%
Bayer Leverkusen Barmenia
36%
FC Augsburg WWK Versicherungen
30%
VfL Bochum Vonovia
27%
Borussia Mönchengladbach Flatex
24%
FSV Mainz 05 Kömmerling
23%
SC Freiburg Cazoo
22%
Hertha BSC AutoHero
20%
FC Schalke 04 Vivawest
11%
Werder Bremen Greenlegend
7%
Union Berlin wefox
7%
Keine übereinstimmenden Quizze gefunden
Verteilung der Resultate
Anzahl Personen mit jedem Resultat
Perzentil nach korrekt beantworteten Fragen
Ihre Resultats-Entwicklung
Sie haben dieses Quiz noch nicht gespielt